000 00449nam a2200193Ia 4500
003 OSt
005 20230615124411.0
008 210210b1949 xxu||||| |||| 00| 0 eng d
040 _cAL
041 _aeng
082 _a828/507
100 _aPOLAK (H S L)
_9124048
245 _aMahatma Gandhi
260 _aLondon
_bOdhams Press Limited
_c1949
690 _aBiography
_9124049
700 _aOthers
_9124050
906 _a016351
942 _2ddc
_cBK
999 _c135854
_d135854